Science Quiz

Random Science or Chemistry Quiz

Acid/Base Equilibrium Quiz Stats

 Plays Quiz not verified by Sporcle

Challenge
Share
Tweet
Embed
Score 0/29 Timer 15:00
0 Plays Today
Question Answer % Correct
Strong/Weak Acid/Base?Strong Base
98.7%
Strong/Weak Acid/Base?Weak Base
98.7%
Strong/Weak Acid/Base?Strong Base
98.7%
Strong/Weak Acid/Base?Strong Acid
98.7%
Strong/Weak Acid/Base?Weak Acid
97.4%
Strong/Weak Acid/Base?Strong Acid
96.1%
Strong/Weak Acid/Base?Weak Acid
94.8%
pH greater than, less than or equal to 7?equal to 7
79.2%
pH greater than, less than or equal to 7?greater than 7
72.7%
In a Strong Acid/Strong Base titration7
72.7%
pH greater than, less than or equal to 7?greater than 7
70.1%
pH greater than, less than or equal to 7?equal to 7
70.1%
pH greater than, less than or equal to 7?greater than 7
70.1%
pH greater than, less than or equal to 7?Less than 7
67.5%
pH greater than, less than or equal to 7?Less than 7
67.5%
Question Answer % Correct
What is the value of? 10
66.2%
What is the value of? 4
66.2%
In the equation HCN + OH- < = > H2O + CN-Bronsted Acid
57.1%
In the equation HCN + OH- < = > H2O + CN-Bronsted Base
55.8%
What is the value of? 1.0*10^-3
46.8%
What is the value of? 1.0*10^-3
44.2%
In the equation HCN + OH- < = > H2O + CN-Conjugate Base
40.3%
In the equation HCN + OH- < = > H2O + CN-Conjugate Acid
39%
In a Strong Acid/Strong Base titrationequivalence
35.1%
In a Weak Acid/Strong Base titrationgreater than 7
35.1%
What is the value of? 1.0*10^-9
33.8%
In a Strong Acid/Strong Base titration-log[starting concentration of acid]
19.5%
In a Weak Acid/Strong Base titrationpH = pKa
18.2%
In a Weak Acid/Strong Base titrationUsing an ICE Chart and Ka
7.8%

You're not logged in!

Compare scores with friends on all Sporcle quizzes.
OR
Log In

You Might Also Like...

Show Comments

Extras

Top Quizzes Today


Score Distribution

Your Account Isn't Verified!

In order to create a playlist on Sporcle, you need to verify the email address you used during registration. Go to your Sporcle Settings to finish the process.

Report this User

Report this user for behavior that violates our Community Guidelines.

Details: